Central Library OPAC University of Rajshahi

A Textbook of Algae / (Record no. 82045)

MARC details
000 -LEADER
fixed length control field 00634nam a2200229 a 4500
001 - CONTROL NUMBER
control field 82045
003 - CONTROL NUMBER IDENTIFIER
rucl marc code BD-RjUL
005 - DATE AND TIME OF LATEST TRANSACTION
control field 20231004125827.0
008 - FIXED-LENGTH DATA ELEMENTS--GENERAL INFORMATION
fixed length control field 231004s2019 ii ||||| |||| 00| 0 eng d
020 ## - INTERNATIONAL STANDARD BOOK NUMBER
International Standard Book Number 9789389447170
035 ## - SYSTEM CONTROL NUMBER
System control number (BD-RjUL)82045
040 ## - CATALOGING SOURCE
Original cataloging agency BD-RjUL
Language of cataloging eng
Transcribing agency BD-RjUL
041 ## - LANGUAGE CODE
Language code of text/sound track or separate title eng
082 ## - DEWEY DECIMAL CLASSIFICATION NUMBER
Edition number 23
Classification number 571.29
Author mark and year SAT 2019
100 ## - MAIN ENTRY--PERSONAL NAME
Personal name Sambamurty, A.V.S.S.
9 (RLIN) 9360
245 ## - TITLE STATEMENT
Title A Textbook of Algae /
Statement of responsibility, etc. A.V.S.S. Sambamurty
260 ## - PUBLICATION, DISTRIBUTION, ETC. (IMPRINT)
Place of publication, distribution, etc. New Delhi :
Name of publisher, distributor, etc. I.K. International,
Date of publication, distribution, etc. 2019
300 ## - PHYSICAL DESCRIPTION
Pagination xii, 322 pages :
Illustrations illustrations ;
Size 24 cm.
500 ## - GENERAL NOTE
General note Includes index.
650 ## - SUBJECT ADDED ENTRY--TOPICAL TERM
Topical term or geographic name as entry element Algae
9 (RLIN) 3689
942 ## - ADDED ENTRY ELEMENTS (KOHA)
Source of classification or shelving scheme Dewey Decimal Classification
Koha item type Books
Holdings
Lost status Source of classification or shelving scheme Damaged status Not for loan Collection code Permanent Location Current Location Shelving location Date acquired Source of acquisition Cost, normal purchase price Total Checkouts Full call number Date last seen Copy number Koha item type
  Dewey Decimal Classification   Not For Loan Non-fiction Central Library, University of Rajshahi Central Library, University of Rajshahi Reading Room 03/08/2023 Dhaka: Omni Concept 493.75   571.29 SAT 2019 04/10/2023 C-1 Books
  Dewey Decimal Classification   Not For Loan Non-fiction Central Library, University of Rajshahi Central Library, University of Rajshahi Reading Room 03/08/2023 Dhaka: Omni Concept 493.75   571.29 SAT 2019 04/10/2023 C-2 Books